00649 2200229 4500001002100000005001500021035002000036245009600056100002300152250000600175300003500181700001600216260004600232082001000278084001600288020001800304650002900322990001700351990001700368990001700385990001700402INLIS00000000000053420181207114003 a0010-12180000201 aPengobatan dan Pencegahan :bPenyakit Pencernaan /cRisdiyani Chasanah; Editor, Sri Lestari0 aRisdiyani Chasanah a- aiv, 60 hlm. :bilus. ;c25 cm.0 aSri Lestari aJakarta :bPT Sunda Kelapa Pustaka,c2010 a616.3 a616.3 RIS p a979-3632-64-3 aPenyakit Pada Pencernaan a01910/H/2018 a01911/H/2018 a01912/H/2018 a01913/H/2018